Szczegóły MARC21

Rynki finansowe w przestrzeni elektronicznej /

003 -Nazwa inst., której nr kontr. jest w polu 001 [,]
    • @
    • Nazwa instytucji, której n kontrolny jest w polu 001
    • NUKAT
005 -DATA I CZAS OSTATNIEJ MODYFIKACJI [,]
    • @
    • pole kontrolne
    • 20241231102138.0
020 -Międzynarod. znormalizowany nr książki - ISBN [ , ]
    • a
    • Numer ISBN
    • 8391332748 Find
040 -Instytucja sporządzająca opis [ , ]
    • a
    • Instytucja, która sporządziła opis (NP)
    • KAT U/DL
    • c
    • Instytucja, która sporządziła rekord (NP)
    • KAT U/DL
    • d
    • Instytucja, która zmodyfikowała rekord (P)
    • KAT U/TK
    • d
    • Instytucja, która zmodyfikowała rekord (P)
    • Ł U/MSs
942 -Rodzaj dokumentu [ , ]
    • c
    • Rodzaj dokumentu
    • Książka
245 -Strefa tytułu i oznaczenia odpowiedzialności [0,0]
    • a
    • Tytuł
    • Rynki finansowe w przestrzeni elektronicznej / Find
    • c
    • Pozostałe elementy strefy tytułu i oznaczenia odpowiedzialności (NP)
    • Beata Świecka, red. nauk.
260 -Strefa adresu wydawniczego [ , ]
    • a
    • Miejsce wydania (P)
    • Szczecin :
    • b
    • Nazwa wydawcy (P)
    • Economicus,
    • c
    • Data wydania (P)
    • 2004.
300 -Strefa opisu fizycznego [ , ]
    • a
    • Określenie formy książki i/lub objętość (NP)
    • 342 s. :
    • b
    • Oznaczenie ilustracji (NP)
    • rys., wykr. ;
    • c
    • Format (NP)
    • 24 cm.
336 -Typ zawartości [ , ]
    • a
    • Termin opisujący typ zawartości
    • Tekst
    • b
    • Kod określający zawartość
    • txt
    • 2
    • Źródło (terminu i kodu)
    • rdacontent
337 -Typ mediów [ , ]
    • a
    • Tryb odtwarzania
    • Bez urządzenia pośredniczącego
    • b
    • Kod typu mediów
    • n
    • 2
    • Źródło (terminu i kodu)
    • rdamedia
338 -Typ/rodzaj nośnika [ , ]
    • a
    • Hasło opisujące typ nośnika
    • Wolumin
    • b
    • Kod typu nośnika
    • nc
    • 2
    • Źródło (terminu i kodu)
    • rdacarrier
500 -Uwaga ogólna [ , ]
    • a
    • Uwaga ogólna (NP)
    • Zawiera w dużej mierze referaty wygłoszone na III Ogólnopolskiej Konferencji z cyklu "E-finanse XXI".
504 -Uwaga dot. bibliogr. załącznikowej [ , ]
    • a
    • Uwaga dot. bibliografii załącznikowej
    • Bibliogr. przy ref.
521 -Uwaga dot. przeznaczenia czytelniczego [8, ]
    • a
    • Uwaga dot. przeznaczenia czytelniczego
    • Książka adresowana zwłaszcza dla studentów studiów ekonomicznych.
080 -Uniwersalna Klasyfikacja Dziesiętna [ , ]
    • 2
    • Identyfikator wydania tablic
    • UDC-P058
    • a
    • Symbol klasyfikacji
    • 336.76
    • b
    • Dopowiedzenie
    • Giełda papierów wartościowych. Rynek pieniężny. Rynek kapitałowy.
080 -Uniwersalna Klasyfikacja Dziesiętna [ , ]
    • 2
    • Identyfikator wydania tablic
    • UDC-P022
    • a
    • Symbol klasyfikacji
    • 004.738.52
    • b
    • Dopowiedzenie
    • Internetowe programy usługowe. Sieć ogólnoświatowa (WWW).
650 -Hasło przedmiotowe [ ,7]
    • a
    • Hasło przedmiotowe
    • Bankowość elektroniczna.
    • 2
    • Źródło terminu
    • kaba
    • 9
    • KHW
    • 102435
650 -Hasło przedmiotowe [ ,7]
    • a
    • Hasło przedmiotowe
    • Bankowość elektroniczna
    • z
    • Określnik geograficzny
    • Polska.
    • 2
    • Źródło terminu
    • kaba
    • 9
    • KHW
    • 365077
980 -Symbol UKD [ , ]
    • a
    • UKD
    • 336.76:004.738.52
700 -Hasło dodatkowe - nazwa osobowa [1, ]
    • a
    • Nazwa osobowa (NP)
    • Świecka, Beata. Find
    • e
    • Określenie rodzaju współpracy
    • Red.
    • 9
    • KHW
    • 884
920 -ISBN [ , ]
    • a
    • ISBN
    • 83-913327-4-8 Find
Data inwentaryzacji Lokalizacja Sygnatura Numer inwentarzowy Status udost.
2012-10-12BE E.74115-2
2016-02-18GW336GW.5974-2
2004-12-22TT.8325T.8325-2
2004-12-22TTM.2799TM.2799-3
2004-12-22TTM.2800TM.2800-3
2004-12-22TTM.2801TM.2801-3
2004-12-22TTM.2802TM.2802-3
2005-03-11TTM.3181TM.3181-3
2007-09-12TTM.4968TM.4968-3
2013-04-05TTM.9015TM.9015-3